| 000 | 00495nam a2200169Ia 4500 | ||
|---|---|---|---|
| 003 | GCL | ||
| 008 | 140319s9999 xx 000 0 ara d | ||
| 040 |
_aGCL / _cGCL |
||
| 082 | 0 | 4 |
_a250 _bا م |
| 100 | 1 | _aاحمد فتحى بهنسى | |
| 245 | 1 | 0 |
_aموقف الشريعة من نظرية الدفاع الاجتماعى / _cاحمد فتحى بهنسى |
| 260 |
_a[S.N] : _bدار الشروق ، _c1984 |
||
| 300 | _a159ص | ||
| 490 | _a | ||
| 650 | 0 | 4 | _aالشريعة |
| 942 |
_2ddc _cBK |
||
| 999 |
_c28300 _d28300 |
||